[Event "Madrid-ch sf"]
[Site "Madrid"]
[Date "2017.03.28"]
[Round "2"]
[White "Molina Garcia, Francisco Javier"]
[Black "Serrano Garcia, Vicente"]
[Result "1-0"]
[WhiteElo "1922"]
[BlackElo "1841"]
[PlyCount "125"]
[EventDate "2017.03.27"]
[EventType "swiss"]
[EventRounds "9"]
[EventCountry "ESP"]
[SourceTitle "CBM 177 Extra"]
[Source "ChessBase"]
[SourceDate "2017.04.27"]
[SourceVersion "1"]
[SourceVersionDate "2017.04.27"]
[SourceQuality "1"]

1. e4 e6 2. d3 d5 3. Nd2 Nf6 4. g3 Bc5 5. Bg2 0-0 6. Ngf3 dxe4 7. dxe4 Nc6 8. 0-0 e5 9. c3 a5 10. Qc2 h6 11. Nc4 Qe7 12. Ne3 Rd8 13. Nh4 g6 14. Nd5 Qd6 15. Bxh6 Nxd5 16. exd5 Ne7 17. Bg5 Kg7 18. Rad1 Rh8 19. Be3 Bxe3 20. fxe3 Nf5 21. Nxf5+ Bxf5 22. Qf2 f6 23. c4 b6 24. e4 Bh3 25. Rc1 Qc5 26. Qxc5 bxc5 27. Bxh3 Rxh3 28. Rf2 Rhh8 29. Rc3 Rhb8 30. Rcf3 Ra6 31. g4 Rab6 32. b3 g5 33. Rh3 a4 34. bxa4 Rb4 35. Rb3 Rxb3 36. axb3 Rxb3 37. Ra2 Rb6 38. a5 Ra6 39. Kf2 Kf7 40. Ke2 Ke7 41. Kd2 Kd6 42. Kc3 Kd7 43. Kb3 c6 44. Ka4 Kc7 45. Rf2 cxd5 46. cxd5 Kd7 47. Kb5 Ra8 48. Rxf6 c4 49. Rc6 Rb8+ 50. Kxc4 Rb1 51. a6 Ra1 52. Kb5 Rb1+ 53. Kc5 Rc1+ 54. Kb6 Rb1+ 55. Ka7 Rb4 56. Rb6 Rxe4 57. Kb7 Rc4 58. a7 Rc7+ 59. Ka6 Rc2 60. a8Q Ra2+ 61. Kb7 Rxa8 62. Kxa8 e4 63. Re6 1-0

[Event "Madrid-ch Previa-B"]
[Site "Madrid"]
[Date "2017.02.25"]
[Round "9"]
[White "Molina Garcia, Francisco Javier"]
[Black "Ingunza Curro, Andres"]
[Result "1/2-1/2"]
[WhiteElo "1965"]
[BlackElo "1670"]
[PlyCount "73"]
[EventDate "2017.02.02"]
[EventType "swiss"]
[EventRounds "9"]
[EventCountry "ESP"]
[SourceTitle "EXT 2018"]
[Source "ChessBase"]
[SourceDate "2017.10.13"]
[SourceVersion "1"]
[SourceVersionDate "2017.10.13"]
[SourceQuality "1"]

1. e4 c5 2. Nf3 d6 3. d4 cxd4 4. Nxd4 Nf6 5. Nc3 g6 6. Be3 Bg7 7. f3 0-0 8. Qd2 Nc6 9. Bc4 Bd7 10. 0-0-0 Rc8 11. Bb3 Ne5 12. h4 h5 13. Bg5 Rc5 14. Rhe1 b5 15. g4 Nc4 16. Bxc4 bxc4 17. gxh5 Nxh5 18. Nd5 f6 19. Bh6 Rf7 20. Rg1 Kh7 21. Bxg7 Rxg7 22. Ne2 Bc6 23. Nec3 Qe8 24. Nf4 Nxf4 25. Qxf4 a5 26. Qe3 a4 27. a3 Qf7 28. Qd4 Rh5 29. Qf2 Rg8 30. Rg4 g5 31. hxg5 fxg5 32. Nd5 Bd7 33. Rg2 Rg6 34. Rh2 Rgh6 35. Rdh1 Rxh2 36. Rxh2 Rxh2 37. Qxh2+ 1/2-1/2

[Event "Madrid-ch Previa-B"]
[Site "Madrid"]
[Date "2017.02.03"]
[Round "2"]
[White "Vazquez Gonzalez, Jesus"]
[Black "Molina Garcia, Francisco Javier"]
[Result "1-0"]
[WhiteElo "1911"]
[BlackElo "1965"]
[PlyCount "61"]
[EventDate "2017.02.02"]
[EventType "swiss"]
[EventRounds "9"]
[EventCountry "ESP"]
[SourceTitle "EXT 2018"]
[Source "ChessBase"]
[SourceDate "2017.10.13"]
[SourceVersion "1"]
[SourceVersionDate "2017.10.13"]
[SourceQuality "1"]

1. e4 c5 2. Nc3 Nc6 3. a3 e6 4. Nf3 a6 5. d4 cxd4 6. Nxd4 Qc7 7. Be2 Nf6 8. 0-0 Be7 9. Be3 0-0 10. f4 d6 11. Kh1 Bd7 12. Qe1 Nxd4 13. Bxd4 Bc6 14. Qg3 g6 15. Bf3 Rfd8 16. Rae1 Nd7 17. f5 e5 18. Be3 b5 19. fxg6 hxg6 20. Bh5 Nf8 21. Bh6 d5 22. exd5 Be8 23. Bf3 Rac8 24. Qxe5 Qxe5 25. Rxe5 Bxa3 26. Bg5 Rd7 27. bxa3 f6 28. Bxf6 Rdc7 29. d6 Rf7 30. Bd5 Rxc3 31. Rxe8 1-0

[Event "Madrid-ch sf-B"]
[Site "Madrid"]
[Date "2016.03.12"]
[Round "5"]
[White "Perez de Aranda, Leonardo Ivan"]
[Black "Molina Garcia, Francisco Javier"]
[Result "1-0"]
[WhiteElo "2082"]
[BlackElo "1907"]
[PlyCount "61"]
[EventDate "2016.03.03"]
[EventType "swiss"]
[EventRounds "9"]
[EventCountry "ESP"]
[SourceTitle "EXT 2017"]
[Source "ChessBase"]
[SourceDate "2016.10.25"]
[SourceVersion "1"]
[SourceVersionDate "2016.10.25"]
[SourceQuality "1"]

1. e4 e6 2. d4 d5 3. exd5 exd5 4. Nf3 Nf6 5. Bg5 Bg4 6. c4 Bb4+ 7. Nc3 0-0 8. Be2 dxc4 9. 0-0 Bxc3 10. bxc3 b5 11. h3 Bh5 12. Ne5 Bxe2 13. Qxe2 Qd6 14. a4 c6 15. axb5 cxb5 16. Bxf6 gxf6 17. Ng4 Nd7 18. Nh6+ Kh8 19. Qh5 Qf4 20. Nxf7+ Kg7 21. g3 Qd2 22. Nd6 Qg5 23. Qxg5+ fxg5 24. Nxb5 Rf3 25. Kg2 Rd3 26. Nc7 Rc8 27. Rxa7 Kg6 28. Re1 Rf8 29. Ne6 Rf7 30. Rxd7 Rxd7 31. Nf8+ 1-0

[Event "Madrid-ch Previa-B"]
[Site "Madrid"]
[Date "2016.02.26"]
[Round "8"]
[White "San Vicente Cosculluela, Jose Luis"]
[Black "Molina Garcia, Francisco Javier"]
[Result "0-1"]
[WhiteElo "1812"]
[BlackElo "1876"]
[PlyCount "54"]
[EventDate "2016.02.04"]
[EventType "swiss"]
[EventRounds "9"]
[EventCountry "ESP"]
[SourceTitle "CBM 171 Extra"]
[Source "ChessBase"]
[SourceDate "2016.04.26"]
[SourceVersion "1"]
[SourceVersionDate "2016.04.26"]
[SourceQuality "1"]

1. e4 e6 2. d3 d5 3. Nd2 Nf6 4. g3 Nc6 5. Bg2 dxe4 6. dxe4 e5 7. Ngf3 Bc5 8. 0-0 0-0 9. Qe2 Qe7 10. Nb3 Bb6 11. Be3 Be6 12. c3 Nd7 13. Nh4 g6 14. Bh6 Rfd8 15. Nf3 f6 16. h4 a5 17. Kh2 a4 18. Nbd2 Qf7 19. Bh3 Bxa2 20. g4 Be6 21. g5 Bxh3 22. Kxh3 f5 23. exf5 Qxf5+ 24. Kg2 Nc5 25. Nh2 Nd3 26. Kg1 Nf4 27. Qc4+ Kh8 0-1

[Event "Madrid-ch Previa-B"]
[Site "Madrid"]
[Date "2016.02.20"]
[Round "7"]
[White "Molina Garcia, Francisco Javier"]
[Black "Serrano Garcia, Vicente"]
[Result "1-0"]
[WhiteElo "1876"]
[BlackElo "1826"]
[PlyCount "59"]
[EventDate "2016.02.04"]
[EventType "swiss"]
[EventRounds "9"]
[EventCountry "ESP"]
[SourceTitle "CBM 171 Extra"]
[Source "ChessBase"]
[SourceDate "2016.04.26"]
[SourceVersion "1"]
[SourceVersionDate "2016.04.26"]
[SourceQuality "1"]

1. d4 Nf6 2. c4 e5 3. dxe5 Ng4 4. Bf4 Nc6 5. Nf3 Bc5 6. e3 Bb4+ 7. Nbd2 Qe7 8. a3 Bxd2+ 9. Qxd2 Ngxe5 10. Be2 d6 11. 0-0 Be6 12. Rac1 a5 13. Nd4 0-0 14. Nxe6 fxe6 15. b4 axb4 16. axb4 Ng6 17. Bg3 e5 18. Rfd1 Kh8 19. b5 Nd8 20. b6 Rf6 21. h4 Nf8 22. h5 Rh6 23. bxc7 Qxc7 24. c5 Nf7 25. cxd6 Qxd6 26. Qxd6 Nxd6 27. Bxe5 Nf7 28. Ba1 Nd6 29. Rc7 b5 30. Bxg7+ 1-0

[Event "San Sebastian de los Reyes op 16th"]
[Site "San Sebastian"]
[Date "2014.12.08"]
[Round "9"]
[White "Martinez Miura, Enrique"]
[Black "Molina Garcia, Francisco Javier"]
[Result "1-0"]
[WhiteElo "1721"]
[BlackElo "1891"]
[PlyCount "97"]
[EventDate "2014.11.30"]
[EventType "swiss"]
[EventRounds "9"]
[EventCountry "ESP"]
[SourceTitle "CBM 163 Extra"]
[Source "ChessBase"]
[SourceDate "2014.12.23"]
[SourceVersion "1"]
[SourceVersionDate "2014.12.23"]
[SourceQuality "1"]

1. e4 e6 2. d4 d5 3. Nc3 Bb4 4. e5 c5 5. a3 Bxc3+ 6. bxc3 Ne7 7. Nf3 b6 8. a4 Ba6 9. Bxa6 Nxa6 10. Qe2 Nb8 11. Bg5 0-0 12. 0-0 Nbc6 13. Rfd1 Qc7 14. Be3 Na5 15. Ng5 h6 16. Nf3 cxd4 17. cxd4 Rac8 18. Rdc1 Qc4 19. Qd2 Nf5 20. g4 Nxe3 21. Qxe3 Qc3 22. Ra3 Qxe3 23. Rxe3 Rc4 24. Ra3 Rfc8 25. c3 Kf8 26. Kf1 f6 27. exf6 gxf6 28. Ke2 Nb7 29. Kd3 Nd6 30. Nd2 R4c7 31. f3 Kf7 32. f4 h5 33. g5 Nf5 34. gxf6 Kxf6 35. Nf3 Rg8 36. Ng5 Nd6 37. Re1 Re7 38. Ra2 Nf7 39. h4 Nxg5 40. fxg5+ Kf7 41. Rf2+ Ke8 42. Rf6 Kd7 43. Rh6 Rf8 44. Rxh5 Rf2 45. Re2 Rf1 46. Rg2 Ref7 47. g6 R7f3+ 48. Ke2 Rf8 49. g7 1-0

[Event "San Sebastian de los Reyes op 16th"]
[Site "San Sebastian"]
[Date "2014.12.07"]
[Round "8"]
[White "Molina Garcia, Francisco Javier"]
[Black "Anton Quevedo, Andrea"]
[Result "1-0"]
[WhiteElo "1891"]
[BlackElo "1531"]
[PlyCount "41"]
[EventDate "2014.11.30"]
[EventType "swiss"]
[EventRounds "9"]
[EventCountry "ESP"]
[SourceTitle "CBM 163 Extra"]
[Source "ChessBase"]
[SourceDate "2014.12.23"]
[SourceVersion "1"]
[SourceVersionDate "2014.12.23"]
[SourceQuality "1"]

1. d4 Nf6 2. c4 g6 3. Nc3 d5 4. cxd5 Nxd5 5. e4 Nxc3 6. bxc3 Bg7 7. Nf3 0-0 8. Rb1 c5 9. Be2 Nc6 10. Be3 Qa5 11. Rb5 Qxa2 12. Rxc5 Bg4 13. 0-0 Rfd8 14. Bc4 Qb2 15. Bxf7+ Kh8 16. Qb3 Qxb3 17. Bxb3 Rac8 18. Ng5 e6 19. Nf7+ Kg8 20. Nxd8 Rxd8 21. f3 1-0

[Event "San Sebastian de los Reyes op 16th"]
[Site "San Sebastian"]
[Date "2014.12.03"]
[Round "4"]
[White "Molina Garcia, Francisco Javier"]
[Black "Lopez Ziegler, Juan Jose"]
[Result "0-1"]
[WhiteElo "1891"]
[BlackElo "1510"]
[PlyCount "44"]
[EventDate "2014.11.30"]
[EventType "swiss"]
[EventRounds "9"]
[EventCountry "ESP"]
[SourceTitle "CBM 163 Extra"]
[Source "ChessBase"]
[SourceDate "2014.12.23"]
[SourceVersion "1"]
[SourceVersionDate "2014.12.23"]
[SourceQuality "1"]

1. d4 Nf6 2. c4 e6 3. Nc3 Bb4 4. Qc2 0-0 5. a3 Bxc3+ 6. Qxc3 d6 7. Bg5 Nbd7 8. Nf3 Qe7 9. e3 a5 10. Be2 e5 11. dxe5 dxe5 12. 0-0 Re8 13. b4 Ne4 14. Bxe7 Nxc3 15. Bd3 Rxe7 16. Bc2 Nf6 17. Nd2 g6 18. f3 Rd7 19. Rf2 axb4 20. Rc1 Rxa3 21. f4 exf4 22. Rxf4 Ne2+ 0-1

[Event "San Sebastian de los Reyes op 16th"]
[Site "San Sebastian"]
[Date "2014.11.30"]
[Round "1"]
[White "Molina Garcia, Francisco Javier"]
[Black "Guillo Sanchez Galiano, Ernesto"]
[Result "1-0"]
[WhiteElo "1891"]
[BlackElo "1165"]
[PlyCount "69"]
[EventDate "2014.11.30"]
[EventType "swiss"]
[EventRounds "9"]
[EventCountry "ESP"]
[SourceTitle "CBM 163 Extra"]
[Source "ChessBase"]
[SourceDate "2014.12.23"]
[SourceVersion "1"]
[SourceVersionDate "2014.12.23"]
[SourceQuality "1"]

1. e4 e5 2. Nf3 d6 3. d4 Nf6 4. Nc3 g6 5. dxe5 dxe5 6. Qxd8+ Kxd8 7. Nxe5 Be6 8. Bg5 Be7 9. 0-0-0+ Nfd7 10. Bxe7+ Kxe7 11. Nxd7 Nxd7 12. Nd5+ Bxd5 13. exd5 Rhd8 14. g3 Nc5 15. Bg2 Rab8 16. Rhe1+ Kf8 17. Re3 Rd6 18. Rc3 b6 19. b4 Na6 20. a3 b5 21. Re1 Re8 22. Rxe8+ Kxe8 23. Kd2 Kd7 24. Ke3 Nb8 25. Ke4 c6 26. dxc6+ Nxc6 27. Rd3 Rxd3 28. Kxd3 Ne5+ 29. Kd4 Kd6 30. f4 Nc4 31. a4 a6 32. Bb7 Na3 33. Bxa6 bxa4 34. Bd3 Kc6 35. c4 1-0

[Event "Mostoles op 6th"]
[Site "Mostoles"]
[Date "2013.07.16"]
[Round "1"]
[White "Jimenez Gallego, Rafael"]
[Black "Molina Garcia, Francisco Javier"]
[Result "0-1"]
[WhiteElo "1442"]
[BlackElo "1853"]
[PlyCount "74"]
[EventDate "2013.07.16"]
[EventType "swiss"]
[EventRounds "9"]
[EventCountry "ESP"]
[SourceTitle "EXT 2014"]
[Source "ChessBase"]
[SourceDate "2013.11.20"]
[SourceVersion "1"]
[SourceVersionDate "2013.11.20"]
[SourceQuality "1"]

1. e4 c5 2. Nf3 d6 3. Nc3 Nf6 4. Bc4 e6 5. 0-0 Be7 6. d4 cxd4 7. Qxd4 0-0 8. h3 Nc6 9. Qd3 a6 10. a3 Qc7 11. b4 b5 12. Bb3 Bb7 13. Bd2 Rfc8 14. Nd4 Nxd4 15. Qxd4 Nd7 16. Nxb5 axb5 17. Qd3 Qc6 18. Rfe1 Ne5 19. Qg3 Bf6 20. Rac1 Nc4 21. Bxc4 Qxc4 22. c3 Bxe4 23. Qxd6 Qd5 24. Qf4 Bxg2 25. Qg4 Bxh3 26. Qxh3 Qxd2 27. Qe3 Qxe3 28. fxe3 Rxc3 29. Rxc3 Bxc3 30. Re2 Rd8 31. Rc2 Rd1+ 32. Kg2 Rd2+ 33. Rxd2 Bxd2 34. e4 Bc1 35. a4 bxa4 36. b5 Be3 37. Kf3 Bc5 0-1

[Event "San Sebastian de los Reyes op 12th"]
[Site "San Sebastian"]
[Date "2010.12.08"]
[Round "9"]
[White "Aragon Gutierrez, Alejandro"]
[Black "Molina Garcia, Francisco Javier"]
[Result "0-1"]
[WhiteElo "1697"]
[BlackElo "1861"]
[PlyCount "60"]
[EventDate "2010.11.30"]
[EventType "swiss"]
[EventRounds "9"]
[EventCountry "ESP"]
[SourceTitle "CBM 139 Extra"]
[Source "ChessBase"]
[SourceDate "2011.01.05"]
[SourceVersion "1"]
[SourceVersionDate "2011.01.05"]
[SourceQuality "1"]

1. d4 Nf6 2. Nf3 g6 3. g3 Bg7 4. Bg2 0-0 5. c4 d6 6. 0-0 Nbd7 7. Nc3 e5 8. e4 a6 9. h3 b5 10. cxb5 axb5 11. dxe5 dxe5 12. Nxb5 Ba6 13. Nc3 Bxf1 14. Kxf1 Qe7 15. Qc2 Rfb8 16. Be3 Qb4 17. b3 c5 18. Nd2 Nb6 19. a3 Rxa3 20. Na2 Qb5+ 21. Kg1 Rba8 22. Nb1 Rxb3 23. Nac3 Qb4 24. Rxa8+ Nxa8 25. Qa2 Nc7 26. Bd2 Ne6 27. Kh2 Nd4 28. Nd5 Qb8 29. Ndc3 Rb2 30. Qa5 Nb3 0-1

[Event "San Sebastian de los Reyes op 12th"]
[Site "San Sebastian"]
[Date "2010.12.06"]
[Round "7"]
[White "Molina Garcia, Francisco Javier"]
[Black "Cardenas Serrano, Sergio"]
[Result "0-1"]
[WhiteElo "1861"]
[BlackElo "2136"]
[PlyCount "70"]
[EventDate "2010.11.30"]
[EventType "swiss"]
[EventRounds "9"]
[EventCountry "ESP"]
[SourceTitle "CBM 139 Extra"]
[Source "ChessBase"]
[SourceDate "2011.01.05"]
[SourceVersion "1"]
[SourceVersionDate "2011.01.05"]
[SourceQuality "1"]

1. d4 Nf6 2. Nf3 d5 3. Bf4 c5 4. e3 Nc6 5. c3 Qb6 6. Qb3 c4 7. Qxb6 axb6 8. Nbd2 b5 9. Be2 b4 10. 0-0 bxc3 11. bxc3 Ra3 12. Rfc1 h6 13. Ne5 g5 14. Bg3 Bg7 15. e4 Nxe4 16. Nxe4 Nxe5 17. Bxe5 Bxe5 18. dxe5 dxe4 19. Bxc4 Ra5 20. e6 f5 21. Rab1 0-0 22. Rb6 Rd8 23. Bb3 Kg7 24. c4 Kf6 25. c5 Ra6 26. Kf1 Rxb6 27. cxb6 Bxe6 28. Rc7 Rd7 29. Ke2 Rxc7 30. bxc7 Bc8 31. Ke3 Ke5 32. Kd2 Kd6 33. Ke3 Kxc7 34. Kd4 Kd6 35. Ke3 Be6 0-1

[Event "San Sebastian de los Reyes op 12th"]
[Site "San Sebastian"]
[Date "2010.12.02"]
[Round "3"]
[White "Molina Garcia, Francisco Javier"]
[Black "Rodrigo Yanguas, Maria"]
[Result "0-1"]
[WhiteElo "1861"]
[BlackElo "2095"]
[PlyCount "58"]
[EventDate "2010.11.30"]
[EventType "swiss"]
[EventRounds "9"]
[EventCountry "ESP"]
[SourceTitle "CBM 139 Extra"]
[Source "ChessBase"]
[SourceDate "2011.01.05"]
[SourceVersion "1"]
[SourceVersionDate "2011.01.05"]
[SourceQuality "1"]

1. e4 e6 2. d3 d5 3. Nd2 Nf6 4. g3 Bc5 5. Bg2 0-0 6. Ngf3 dxe4 7. dxe4 Nc6 8. 0-0 e5 9. c3 Qd3 10. Ne1 Qd6 11. Qc2 Be6 12. Nef3 h6 13. b4 Bb6 14. a3 Rad8 15. c4 Nd4 16. Nxd4 Bxd4 17. c5 Qc6 18. Rb1 b6 19. Nf3 bxc5 20. Nxd4 Rxd4 21. Be3 Rc4 22. Qb2 cxb4 23. axb4 Ng4 24. Bc5 Rb8 25. Qd2 a5 26. Rfd1 axb4 27. Bxb4 Rd4 28. Rdc1 Qa4 29. Ra1 Qxb4 0-1

[Event "Madrid-ch Previa-B"]
[Site "Madrid"]
[Date "2009.11.13"]
[Round "4"]
[White "Montes Rubio, Miguel"]
[Black "Molina Garcia, Francisco Javier"]
[Result "1-0"]
[WhiteElo "1717"]
[BlackElo "1842"]
[PlyCount "71"]
[EventDate "2009.11.05"]
[EventType "swiss"]
[EventRounds "9"]
[EventCountry "ESP"]
[SourceTitle "CBM 133 Extra"]
[Source "ChessBase"]
[SourceDate "2010.01.05"]
[SourceVersion "1"]
[SourceVersionDate "2010.01.05"]
[SourceQuality "1"]

1. d4 d5 2. Nf3 e6 3. Bf4 f5 4. e3 Nf6 5. Nbd2 Be7 6. Bd3 0-0 7. c3 Ne4 8. Ne5 Nd7 9. Ndf3 c6 10. h3 Nxe5 11. Nxe5 Bd7 12. Nxd7 Qxd7 13. Rg1 c5 14. f3 Nf6 15. Bg5 cxd4 16. exd4 Qd6 17. g3 Qb6 18. Qe2 e5 19. Bxf5 Rae8 20. 0-0-0 g6 21. Bd3 Bd6 22. Bxf6 exd4 23. Bxd4 Qa5 24. Qg2 Qxa2 25. Bb1 Qc4 26. Bd3 Qa2 27. Qf2 Rc8 28. Qd2 Rxf3 29. Qh6 Qa1+ 30. Kc2 Qa4+ 31. Kb1 Bf8 32. Qg5 Qd7 33. Qg4 Qxg4 34. hxg4 a6 35. Bc2 Bd6 36. Bb3 1-0

[Event "Madrid San Viator op 13th"]
[Site "Madrid"]
[Date "2009.10.04"]
[Round "2"]
[White "Cepas Castillo, Juan Carlos"]
[Black "Molina Garcia, Francisco Javier"]
[Result "0-1"]
[WhiteElo "1602"]
[BlackElo "1866"]
[PlyCount "50"]
[EventDate "2009.09.27"]
[EventType "swiss"]
[EventRounds "9"]
[EventCountry "ESP"]
[SourceTitle "EXT 2010"]
[Source "ChessBase"]
[SourceDate "2010.11.25"]
[SourceVersion "1"]
[SourceVersionDate "2010.11.25"]
[SourceQuality "1"]

1. e4 d6 2. d4 Nf6 3. Nc3 g6 4. f4 Bg7 5. Nf3 c5 6. dxc5 Qa5 7. Bd2 Qxc5 8. Bd3 0-0 9. Qe2 Bg4 10. Be3 Qb4 11. Bd2 Qxb2 12. 0-0 Qb6+ 13. Be3 Qc6 14. Bd4 Nbd7 15. e5 Nh5 16. Qe3 Bh6 17. g3 Bxf3 18. Bb5 Qc7 19. exd6 Qxd6 20. Rxf3 e5 21. Bxe5 Nxe5 22. Qxe5 Qb6+ 23. Qe3 Qa5 24. g4 Nxf4 25. Bf1 Nh3+ 0-1